| 000 | 00458nam a22001577a 4500 | ||
|---|---|---|---|
| 999 |
_c12275 _d12275 |
||
| 008 | 160720b xxu||||| |||| 00| 0 eng d | ||
| 020 | _a8121929784 | ||
| 050 | _aQD 453 .B86 2012 | ||
| 100 |
_aBahl Arun _d2012 |
||
| 245 |
_aEssentials of physical chemistry/ _cArun Bahl. |
||
| 260 |
_aU.S.A; _bS.Chand and company l.t.d, _c2012. |
||
| 300 |
_axviii,1261p.:ill. _bincludes index. |
||
| 700 | _aBahl B.S. | ||
| 700 | _aTuli G.D. | ||
| 942 |
_2lcc _cSH_L_BOOKS _0170 |
||